Paesi europei dalla capitale - Statistics

Statistiche generali
  • Questo quiz è stato fatto 133 volte
  • Il punteggio medio è 23 su 33
Statistiche sulle risposte
Capitale Paese % Corretto
K...V Kiev Ucraina
93%
Z...A Zagabria Croazia
89%
L...A Lisbona/Londra/La Valletta/Lubiana Portogallo/Regno Unito/Malta/Slovenia
86%
A...M Amsterdam Paesi Bassi
81%
R...A Roma/Riga Italia/Lettonia
80%
M...O Monaco Monaco
79%
O...O Oslo Norvegia
79%
B...T Budapest/Bucarest Ungheria/Romania
79%
M...D Madrid Spagna
78%
V...A Vienna/Varsavia Austria/Polonia
77%
R...K Reykjavik Islanda
76%
B...O Berlino/Belgrado Germania/Serbia
75%
H...I Helsinki Finlandia
72%
P...I Parigi Francia
71%
V...Z Vaduz Liechtenstein
71%
P...A Pristina/Podgorica/Praga Kosovo/Montenegro/Repubblica Ceca
70%
S...A Stoccolma/Sofia Svezia/Bulgaria
70%
B...A Berna/Bratislava Svizzera/Slovacchia
70%
T...N Tallin Estonia
69%
M...K Minsk Bielorussia
67%
A...E Atene Grecia
66%
B...S Bruxelles Belgio
65%
V...S Vilnius Lituania
65%
A...A Andorra la Vella Andorra
63%
V...O Vaticano Città del Vaticano
63%
D...O Dublino Irlanda
62%
C...U Chisinau Moldavia
62%
T...A Tirana Albania
61%
L...O Lussemburgo Lussemburgo
61%
S...O Sarajevo/San Marino Bosnia ed Erzegovina/San Marino
60%
C...N Copenaghen Danimarca
57%
M...A Mosca Russia
54%
S...E Skopje Macedonia del Nord
47%
Nessun quiz corrispondente trovato
Distribuzione punteggi
Percentuale di utenti per punteggio
Percentile per numero di risposta
I tuoi punteggi nel tempo
Non hai fatto questo quiz